000
00278nam a2200121Ia 4500
008
190216s9999||||xx |||||||||||||| ||und||
100
_a
Shivakumar
245
0
_a
One Act Plays Of Our Time
260
_b
Macmillan
_c
1977
300
_a
131
650
_a
English Drama
942
_c
BK
999
_c
13019
_d
13019